United Kingdom Special Forces Units - Statistics

General Stats
  • This quiz has been taken 208 times
    187 since last reset
  • The average score is 3 of 6
Answer Stats
Unit % Correct
Special Air Service
100%
Special Boat Service
92%
Special Recon Regiment
35%
Special Forces Support Group (1 PARA)
23%
18 (UKSF) Signal Regiment
10%
Joint Special Forces Aviation Wing
4%
No matching quizzes found
Score Distribution
Percent of People with Each Score
Percentile by Number Answered
Your Score History
You have not taken this quiz since the last reset